000 00409nam a2200157Ia 4500
005 20250323183102.0
008 240331s9999 xx 000 0 und d
082 _bPOO
_a894
100 _aPoovannan,
245 0 _aThirukkural :
_bmoolamum sirappuraiyum
250 _a2nd
260 _aChennai
_bVarththmaanan pathipagam
_c1991
300 _a303 p .,
500 _aThirukural moolamum sirapooraium
942 _cL
999 _c4389
_d4389